| 000 | 00578nam a22002057a 4500 | ||
|---|---|---|---|
| 005 | 20251108175322.0 | ||
| 008 | 250721s2011 xx 000 0 ara d | ||
| 082 | 1 | 4 | _a158/غري |
| 100 | 1 | _aغرين، روبرت | |
| 245 | 1 | 0 | _aالقوة : 48 قاعده ترشدك إلى القوة / |
| 246 | 1 | 1 | _apower |
| 250 | _aط2. | ||
| 264 | 1 |
_aالرباط : _bإ للترجمه و النشر و التوزيع، _c2011. |
|
| 300 | _a739ص. | ||
| 650 | 1 | 7 | _aالنجاح |
| 650 | 1 | 7 | _aالارادة |
| 650 | 1 | 7 | _aعلم النفس |
| 942 |
_2ddc _cBK |
||
| 999 |
_c131328 _d131328 |
||